000 00727nam a22001937a 4500
003 BUBTL
008 190407b xxu||||| |||| 00| 0 eng d
020 _a984-18-0318-6
082 _a891.443 / BAD
100 _92267
_aবন্দ্যোপাধ্যায়, মানিক
245 _aদিবা রাত্রির কাব্য /
_cমানিক বন্দ্যোপাধ্যায়
250 _a2nd ed.
260 _aঢাকা :
_bবিশ্বসাহিত্য কেন্দ্র,
_cc2012
300 _a127 p. :
_c22 cm.
650 0 _91691
_aবাংলা সাহিত্য
856 _k0
_l0
_yDownload
942 _2ddc
_cBK
999 _c5962
_d5962